Statistiques concernant Pays avec des réacteurs nucléaires en construction

Cliquez ici pour prendre le quiz!

Statistiques générales

  • Ce quiz a été pris 56 fois
  • Le résultat moyen est 12 sur 18

Statistiques - réponses

*No° Hint Pays nucléaires % Correct
19AsieChine
98%
7Europe/AsieRussie
96%
1EuropeFrance
96%
6AsieInde
94%
3AsieCorée du Sud
92%
2AsieJapon
92%
2AmeriquesÉtats-Unis
92%
2Europe / AsieTurquie
84%
1AmeriquesBrésil
84%
2AsiePakistan
74%
1AmeriquesArgentine
68%
2EuropeUkraine
60%
1EuropeFinlande
54%
1AsieBangladesh
38%
2AsieTaiwan
36%
2EuropeBiélorussie
32%
4AsieEmirats Arabes Unis
18%
2EuropeSlovaquie
12%

Distribution des résultats

Percentile par nombre de réponses

% des personnes avec chaque résultat

Votre développement - résultats

Vous n’avez pas pris ce quiz